Imposición de las insignias de la Orden de Alfonso X el Sabio al doctor Ignacio Rubio y Cambronero
Colección:
San Jorge,
; núm. 6 (abril 1952), pàg. 64
Materias:
Rubio y Cambronero, Ignacio, -- 1895-1973
; Rubio y Cambronero, Ignacio, -- 1895-1973 -- Medalles
; Orden Civil de Alfonso X, el Sabio
Idioma:
Español
MARC
| LEADER | 00000naa a2200000 a 4500 | ||
|---|---|---|---|
| 003 | Arxiu | ||
| 005 | 20260324181024.0 | ||
| 008 | 160829s1952 spc xx s spa c | ||
| 040 | |a agdb | ||
| 245 | 0 | 0 | |a Imposición de las insignias de la Orden de Alfonso X el Sabio al doctor Ignacio Rubio y Cambronero |
| 490 | |a San Jorge, |v núm. 6 (abril 1952), pàg. 64 | ||
| 600 | 1 | 0 | |a Rubio y Cambronero, Ignacio, |d 1895-1973 |9 54602 |
| 600 | 1 | 0 | |a Rubio y Cambronero, Ignacio, |d 1895-1973 |x Medalles |9 54603 |
| 610 | 2 | 0 | |a Orden Civil de Alfonso X, el Sabio |9 54601 |
| 773 | |g Núm. 6 (abril 1952), pàg. 64 |t San Jorge. | ||
| 901 | |a Arxiu | ||
| 942 | |n 1 |2 udc |c ART | ||
| 952 | |0 0 |1 0 |4 0 |6 REV508 |7 1 |9 64662 |a Arxiu |b Arxiu |d 2022-12-05 |l 0 |o Rev-508 |r 2022-12-05 00:00:00 |w 2022-12-05 |y ARXIU |z També disponible a Rev-521 | ||
| 999 | |c 43850 |d 43850 | ||